| 000 | 00497nam a2200169 a 4500 | ||
|---|---|---|---|
| 005 | 20140310183459.0 | ||
| 008 | 100329s19uu xx 00 eng d | ||
| 020 | _a978-81-8376-142-0 | ||
| 050 |
_aTX 911.3 _b.M984 2008 |
||
| 100 | _aMurthy, E.K. | ||
| 245 |
_aIntroduction to tourism and hospitality ethics / _cE.K. Murthy. |
||
| 260 |
_aIndia : _bABD Publishers, _cc2008. |
||
| 300 |
_a310 p. : _c22 cm. |
||
| 650 |
_aTourism _xHospitality _xethics. |
||
| 942 |
_cBK _2lcc _kFOR |
||
| 999 |
_c23842 _d23842 |
||